| 000 | 00559nam a2200205Ia 4500 | ||
|---|---|---|---|
| 005 | 20250326142457.0 | ||
| 008 | 250326s9999 xx 000 0 und d | ||
| 020 | _a0-03-024482-X | ||
| 037 | _aTextbook | ||
| 040 |
_aFMSL _beng _cFMSL |
||
| 041 |
_aeng _2eng |
||
| 084 |
_aX:51 N9 _qFMSL |
||
| 100 |
_aRosenbloom B _9736981 |
||
| 245 | 0 |
_aMarketing channels :a management view _cRosenbloom B |
|
| 250 | _aEd 6 | ||
| 260 |
_aFortworth _bFortworth, Dryden Press _c1999 |
||
| 300 | _a710p | ||
| 942 |
_cTB _hX:51 N9 |
||
| 999 |
_c1295211 _d1295211 |
||